[Event "Zonal 3.1 2015"]
[Site "Muscat OMA"]
[Date "2015.05.21"]
[Round "5.3"]
[White "Darini, Pouria"]
[Black "Iyti, Basher"]
[Result "1-0"]
[WhiteTitle "GM"]
[BlackTitle "IM"]
[WhiteElo "2485"]
[BlackElo "2298"]
[WhiteFideId "12502200"]
[BlackFideId "7601875"]
[EventDate "2015.05.17"]

1. e4 g6 2. d4 Bg7 3. Nc3 d5 4. exd5 Nf6 5. Bc4 Nbd7 6. Nf3 O-O 7. O-O Nb6 8.
Bb3 Nbxd5 9. Nxd5 Nxd5 10. Re1 c6 11. h3 Bf5 12. Bg5 Re8 13. Qd2 a5 14. a4 Qb6
15. Re2 Be6 16. Bh6 Nc7 17. Bxg7 Kxg7 18. Bxe6 Nxe6 19. c3 Rad8 20. Rae1 Qb3 21.
Ne5 Rd6 22. Re4 Rh8 23. f4 Nc5 24. R4e2 e6 25. f5 f6 26. Ng4 h5 27. Nxf6 exf5
28. Re7+ Kxf6 29. h4 Ne4 30. R1xe4 Qd1+ 31. Qxd1 fxe4 32. Rxb7 Ke6 33. Qf1 Rd7
34. Rxd7 Kxd7 35. Qf7+ Kc8 36. Qxg6 e3 37. Qxc6+ Kb8 38. Qb5+ Kc8 39. Qf5+ Kb7
40. Qe4+ Ka7 41. Qxe3 1-0

[Event "Zonal 3.1 2015"]
[Site "Muscat OMA"]
[Date "2015.05.21"]
[Round "5.2"]
[White "Nezad, Husein Aziz"]
[Black "Ghaem Maghami, Ehsan"]
[Result "0-1"]
[WhiteTitle "IM"]
[BlackTitle "GM"]
[WhiteElo "2404"]
[BlackElo "2558"]
[WhiteFideId "12100293"]
[BlackFideId "12500739"]
[EventDate "2015.05.17"]

1. d4 Nf6 2. c4 e6 3. Nf3 Bb4+ 4. Bd2 Bxd2+ 5. Qxd2 d5 6. g3 c6 7. Bg2 Nbd7 8.
O-O dxc4 9. Rc1 b5 10. Ne5 Nxe5 11. dxe5 Nd5 12. b3 cxb3 13. axb3 Bb7 14. Qb2
O-O 15. Nd2 Qb6 16. Ne4 b4 17. Bf3 a5 18. Nc5 Rfd8 19. Na4 Qc7 20. Bxd5 Rxd5 21.
e4 Rdd8 22. Nc5 Ba6 23. f4 Bb5 24. Qf2 Qe7 25. Rd1 h6 26. Kg2 Rxd1 27. Rxd1 Rd8
28. Rd4 f6 29. Rxd8+ Qxd8 30. Nxe6 Qe7 31. f5 fxe5 32. Qb6 Qd6 33. Kh3 g5 34.
Qf2 Qd1 35. Kg2 a4 36. bxa4 Qf1+ 37. Qxf1 Bxf1+ 0-1

[Event "Zonal 3.1 2015"]
[Site "Muscat OMA"]
[Date "2015.05.21"]
[Round "5.4"]
[White "Abdulwahhab, Ahmed Abdulsattar A"]
[Black "Ayyad, Maher"]
[Result "1-0"]
[WhiteTitle "FM"]
[BlackTitle "FM"]
[WhiteElo "2346"]
[BlackElo "2123"]
[WhiteFideId "4801849"]
[BlackFideId "11200235"]
[EventDate "2015.05.17"]

1. e4 c5 2. Nf3 e6 3. d4 cxd4 4. Nxd4 Nf6 5. Nc3 Nc6 6. Nxc6 bxc6 7. e5 Nd5 8.
Ne4 Qc7 9. f4 Qb6 10. c4 Bb4+ 11. Ke2 f5 12. exf6 Nxf6 13. Be3 Qd8 14. Nd6+ Bxd6
15. Qxd6 Qe7 16. Bc5 Qxd6 17. Bxd6 Kf7 18. Kf3 Ne8 19. Ba3 d5 20. Bd3 Nf6 21.
Rac1 Ba6 22. Rhe1 Rhd8 23. Re3 Bb7 24. f5 Bc8 25. g4 Re8 26. g5 Ne4 27. cxd5
exf5 28. Rxc6 Nxg5+ 29. Kf4 Rxe3 30. Kxe3 Nh3 31. Rc7+ Kf6 32. Kd4 Ng1 33. Be7+
Kf7 34. Ke3 Nh3 35. Bc5+ 1-0

[Event "Zonal 3.1 2015"]
[Site "Muscat OMA"]
[Date "2015.05.21"]
[Round "5.5"]
[White "Tamra, Attallah"]
[Black "Chahrour, Ibrahim"]
[Result "0-1"]
[BlackTitle "FM"]
[WhiteElo "2080"]
[BlackElo "2269"]
[WhiteFideId "11500255"]
[BlackFideId "5301653"]
[EventDate "2015.05.17"]

1. Nf3 d6 2. d4 Nf6 3. g3 Bf5 4. c4 c6 5. Nc3 Nbd7 6. Bg2 e5 7. O-O Be7 8. Re1
O-O 9. e4 Bg6 10. Nh4 Bh5 11. f3 exd4 12. Qxd4 d5 13. Be3 c5 14. Qd2 d4 15. Bf4
dxc3 16. Qxc3 Ne8 17. Rad1 Bxh4 18. Bh3 f5 19. gxh4 Qxh4 20. Bxf5 Qxf4 21. Rxd7
Bxf3 22. Qe3 Rxf5 0-1

[Event "Zonal 3.1 2015"]
[Site "Muscat OMA"]
[Date "2015.05.21"]
[Round "5.5"]
[White "Hashem, Khaled"]
[Black "Al Mamari, Mohammed Salim"]
[Result "1-0"]
[WhiteTitle "CM"]
[WhiteElo "1962"]
[BlackElo "1791"]
[WhiteFideId "10300201"]
[BlackFideId "22000232"]
[EventDate "2015.05.17"]

1. d4 d5 2. c4 e5 3. dxe5 d4 4. Nf3 Nc6 5. g3 Nge7 6. Nbd2 Ng6 7. Bg2 Ngxe5 8.
O-O Be7 9. b3 O-O 10. Bb2 Nxf3+ 11. Nxf3 Bc5 12. a3 a5 13. Qd2 Qd6 14. Ng5 h6
15. Ne4 Qe7 16. Nxc5 Qxc5 17. b4 Qxc4 18. Rac1 Qe6 19. b5 Na7 20. Qxd4 Qg4 21.
a4 Qxd4 22. Bxd4 Rd8 23. Be3 Rd7 24. Rc2 Re7 25. Rfc1 Bf5 26. Rxc7 Rxc7 27. Rxc7
Rc8 28. Rxb7 Rc4 29. Rxa7 Rxa4 30. f4 Ra1+ 31. Kf2 Ra2 32. b6 Kh7 33. b7 Rb2 34.
Rxa5 Bg4 35. Be4+ g6 36. Bd2 Rxd2 37. b8=Q Rxe2+ 38. Kf1 Rxe4 39. Ra8 1-0

[Event "Zonal 3.1 2015"]
[Site "Muscat OMA"]
[Date "2015.05.21"]
[Round "6.1"]
[White "Ghaem Maghami, Ehsan"]
[Black "Darini, Pouria"]
[Result "1/2-1/2"]
[WhiteTitle "GM"]
[BlackTitle "GM"]
[WhiteElo "2558"]
[BlackElo "2485"]
[WhiteFideId "12500739"]
[BlackFideId "12502200"]
[EventDate "2015.05.17"]

1. c4 Nf6 2. Nc3 g6 3. e4 d6 4. d4 Bg7 5. Nf3 O-O 6. Be2 e5 7. Be3 Ng4 8. Bg5 f6
9. Bh4 g5 10. Bg3 Nh6 11. h3 Nc6 12. dxe5 fxe5 13. O-O g4 14. hxg4 Bxg4 15. Ne1
Bxe2 16. Nxe2 Qg5 17. Qb3 Rab8 18. c5+ Kh8 19. cxd6 cxd6 20. Rd1 Qg6 21. Qd3
Rbd8 22. Nc2 Bf6 23. Ne3 Rg8 24. b4 Ne7 25. b5 Qh5 26. f4 Nf7 27. Rf3 Qg6 28.
Qb3 d5 29. Nxd5 Nxd5 30. Rxd5 Rxd5 31. Qxd5 Rd8 32. Qb3 Bg7 33. f5 Qh5 34. Bf2
Ng5 35. Rd3 Rg8 36. Ng3 Qg4 37. Qd1 Qh4 38. Qh5 Qf4 39. Be3 Qxg3 40. Qxg5 Qe1+
41. Kh2 Bf8 42. Qf6+ Bg7 43. Bg5 Qxe4 44. Rg3 Qe2 45. Qe7 Qh5+ 46. Kg1 Qd1+ 47.
Kh2 Qh5+ 48. Kg1 Qd1+ 49. Kh2 Qh5+ 1/2-1/2

[Event "Zonal 3.1 2015"]
[Site "Muscat OMA"]
[Date "2015.05.21"]
[Round "6.2"]
[White "Chahrour, Ibrahim"]
[Black "Idani, Pouya"]
[Result "0-1"]
[WhiteTitle "FM"]
[BlackTitle "GM"]
[WhiteElo "2269"]
[BlackElo "2526"]
[WhiteFideId "5301653"]
[BlackFideId "12510130"]
[EventDate "2015.05.17"]

1. e4 g6 2. d4 Bg7 3. Nc3 c6 4. Be3 d6 5. Qd2 b5 6. h4 h5 7. Nh3 Bxh3 8. Rxh3
Nf6 9. f3 Nbd7 10. O-O-O Qc7 11. Bd3 b4 12. Ne2 Rb8 13. Kb1 c5 14. c4 bxc3 15.
Nxc3 O-O 16. Rc1 Qb7 17. Rc2 Rfc8 18. Rh1 Qb4 19. Be2 cxd4 20. Qxd4 Qxd4 21.
Bxd4 Nxe4 22. Bxg7 Ng3 23. Re1 Kxg7 24. Bb5 Nc5 25. Rxe7 Nf5 26. Rxa7 Nd4 27.
Bc4 Nb7 28. Ba6 Nxc2 29. Kxc2 Rc7 30. a4 d5 31. Rxb7 Rbxb7 32. Bxb7 d4 33. Ba6
Kf6 34. Kb3 dxc3 35. bxc3 Ke5 36. g3 Kd6 37. Kc2 f5 38. Kd2 Ke5 39. Bd3 g5 40.
hxg5 f4 41. gxf4+ Kxf4 42. g6 Rc5 43. c4 Rg5 44. Kc3 h4 45. Bf1 Rxg6 46. Kb4 Rg1
47. Bh3 Rg3 48. Bd7 Ke5 49. Kc5 Rxf3 50. Bc6 Rf8 51. Kb6 Rf6 52. c5 h3 0-1

[Event "Zonal 3.1 2015"]
[Site "Muscat OMA"]
[Date "2015.05.21"]
[Round "6.3"]
[White "Al Qudaimi, Basheer"]
[Black "Nezad, Husein Aziz"]
[Result "1/2-1/2"]
[WhiteTitle "IM"]
[BlackTitle "IM"]
[WhiteElo "2405"]
[BlackElo "2404"]
[WhiteFideId "9400346"]
[BlackFideId "12100293"]
[EventDate "2015.05.17"]

1. e4 e5 2. Nf3 Nc6 3. Bb5 Nge7 4. Nc3 d6 5. d4 Bd7 6. dxe5 dxe5 7. h4 f6 8. Be3
a6 9. Ba4 b5 10. Bb3 Na5 11. Nd2 Nxb3 12. Nxb3 b4 13. Nd5 Nxd5 14. Qxd5 Bb5 15.
Qe6+ Qe7 16. Qxe7+ Bxe7 17. Bc5 a5 18. a3 Bxc5 19. Nxc5 Ke7 20. a4 Bc6 21. O-O-O
Rhd8 22. f3 Rd6 23. h5 h6 24. b3 Be8 25. Nd3 Rad8 26. g4 Bf7 27. Nb2 Kd7 28. Rh2
Kc6 29. Rdd2 Kc5 30. Nd1 Be6 31. Ne3 Rxd2 32. Rxd2 Rxd2 33. Kxd2 Kd4 34. Nf1 c5
35. Ne3 c4 36. Nf5+ Bxf5 37. gxf5 cxb3 38. cxb3 Kc5 39. Kd3 Kd6 40. Kd2 Kc6 41.
Ke3 Kc5 42. Kd3 Kd6 43. Kd2 Kc6 44. Ke2 Kd6 45. Kd3 Kc5 1/2-1/2

[Event "Zonal 3.1 2015"]
[Site "Muscat OMA"]
[Date "2015.05.21"]
[Round "6.5"]
[White "Ayyad, Maher"]
[Black "Hashem, Khaled"]
[Result "1-0"]
[WhiteTitle "FM"]
[BlackTitle "CM"]
[WhiteElo "2123"]
[BlackElo "1962"]
[WhiteFideId "11200235"]
[BlackFideId "10300201"]
[EventDate "2015.05.17"]

1. d4 d5 2. Nf3 Nf6 3. g3 c6 4. Bg2 h6 5. O-O Bf5 6. c4 e6 7. Nc3 Nbd7 8. Qb3
Qb6 9. c5 Qxb3 10. axb3 Bh7 11. b4 a6 12. b5 e5 13. bxc6 bxc6 14. dxe5 Ne4 15.
Nxe4 dxe4 16. e6 fxe6 17. Nd4 Bxc5 18. Nxe6 Bd6 19. Nxg7+ Ke7 20. Bh3 Be5 21.
Nf5+ Bxf5 22. Bxf5 Nf6 23. Ra4 1-0

[Event "Zonal 3.1 2015"]
[Site "Muscat OMA"]
[Date "2015.05.21"]
[Round "6.6"]
[White "Masrhi, Abdulrahman A"]
[Black "Tamra, Attallah"]
[Result "0-1"]
[WhiteElo "1865"]
[BlackElo "2080"]
[WhiteFideId "21501564"]
[BlackFideId "11500255"]
[EventDate "2015.05.17"]

1. d4 Nf6 2. Bf4 e6 3. e3 c5 4. Nf3 b6 5. c3 Bb7 6. Nbd2 Be7 7. h3 O-O 8. Be2
cxd4 9. exd4 d6 10. O-O Nbd7 11. Re1 Re8 12. a4 Bf8 13. Nc4 Qc7 14. Bf1 Rad8 15.
Qb3 Bd5 16. Qb4 e5 17. Be3 Bxf3 18. gxf3 d5 19. Qb3 exd4 20. Bxd4 dxc4 21. Bxc4
Nc5 22. Qc2 Qf4 0-1

[Event "Zonal 3.1 2015"]
[Site "Muscat OMA"]
[Date "2015.05.21"]
[Round "6.7"]
[White "Iyti, Basher"]
[Black "Al Mamari, Mohammed Salim"]
[Result "1-0"]
[WhiteTitle "IM"]
[WhiteElo "2298"]
[BlackElo "1791"]
[WhiteFideId "7601875"]
[BlackFideId "22000232"]
[EventDate "2015.05.17"]

1. d4 f5 2. e4 fxe4 3. Nc3 Nf6 4. Bg5 c6 5. Bxf6 exf6 6. Nxe4 Qa5+ 7. c3 Be7 8.
Bd3 O-O 9. Ne2 d5 10. N4g3 Qc7 11. Qc2 g6 12. O-O-O f5 13. h4 f4 14. Nf1 Bf5 15.
Bxf5 Rxf5 16. h5 Bg5 17. Kb1 Nd7 18. hxg6 hxg6 19. Nh2 Kg7 20. g4 Rf7 21. Nf3
Be7 22. Rh3 Rg8 23. Nc1 Kf8 24. Nd3 Rfg7 25. Re1 Qd6 26. Rh6 Qf6 27. Qb3 b6 28.
Qa4 a5 29. Nde5 Nb8 30. c4 Qd6 31. c5 Qc7 32. Qc2 b5 33. Rxg6 Qc8 34. Rxg7 Rxg7
35. Ng6+ Ke8 36. Nxe7 Rxe7 37. Qg6+ Kf8 38. Qf6+ Kg8 39. Rxe7 Qxg4 40. Re8+ 1-0

[Event "Zonal 3.1 2015"]
[Site "Muscat OMA"]
[Date "2015.05.22"]
[Round "7.1"]
[White "Darini, Pouria"]
[Black "Idani, Pouya"]
[Result "0-1"]
[WhiteTitle "GM"]
[BlackTitle "GM"]
[WhiteElo "2485"]
[BlackElo "2526"]
[WhiteFideId "12502200"]
[BlackFideId "12510130"]
[EventDate "2015.05.17"]

1. e4 c5 2. Nf3 d6 3. d4 cxd4 4. Nxd4 Nf6 5. Nc3 a6 6. h3 e6 7. g4 b5 8. Bg2 Bb7
9. O-O Nfd7 10. Nce2 Nc5 11. Ng3 Be7 12. f4 O-O 13. Be3 Nbd7 14. g5 Re8 15. Qg4
Bf8 16. Rad1 g6 17. Qe2 e5 18. fxe5 dxe5 19. Qf2 Qe7 20. Nb3 Nxb3 21. axb3 Nc5
22. h4 Rad8 23. Kh2 Ne6 24. Ne2 b4 25. c3 Rxd1 26. Rxd1 Rd8 27. Qe1 Rxd1 28.
Qxd1 h6 29. Qd2 hxg5 30. hxg5 Qd6 31. Qc1 Be7 32. Ng1 Qd8 33. Nh3 Qd3 34. cxb4
Qxb3 35. Nf2 Qxb4 36. Ng4 Qd6 37. Nf6+ Bxf6 38. gxf6 Nf4 39. Bxf4 exf4 40. e5
Qb8 41. Bxb7 Qxb7 42. b4 Qxb4 43. Qc8+ Qf8 44. Qh3 f3 45. Kh1 Qb8 46. Qxf3 Qxe5
47. Qa8+ Kh7 48. Qxa6 Qe6 49. Qf1 Qf5 50. Qf2 Qe4+ 51. Kg1 Qg4+ 52. Kh1 g5 53.
Qc2+ Kh6 54. Qd3 Qf4 55. Qd8 Kg6 56. Qg8+ Kxf6 57. Qh8+ Kg6 58. Qg8+ Kh5 59.
Qh8+ Kg4 60. Qc8+ f5 61. Qd7 Qf1+ 62. Kh2 Qe2+ 63. Kh1 Kg3 64. Qc7+ f4 0-1

[Event "Zonal 3.1 2015"]
[Site "Muscat OMA"]
[Date "2015.05.22"]
[Round "7.2"]
[White "Tamra, Attallah"]
[Black "Ghaem Maghami, Ehsan"]
[Result "0-1"]
[BlackTitle "GM"]
[WhiteElo "2080"]
[BlackElo "2558"]
[WhiteFideId "11500255"]
[BlackFideId "12500739"]
[EventDate "2015.05.17"]

1. c4 Nf6 2. Nf3 e6 3. g3 d5 4. d4 dxc4 5. Bg2 Nc6 6. Qa4 Bb4+ 7. Bd2 Nd5 8. Ne5
Bd7 9. Nxd7 Qxd7 10. e3 a6 11. a3 b5 12. Qc2 Be7 13. O-O O-O 14. Rc1 Rfd8 15. b3
cxb3 16. Qxb3 Rac8 17. Ra2 Nb8 18. Rac2 c6 19. Ba5 Re8 20. Nd2 Bd8 21. Bxd8
Rcxd8 22. a4 e5 23. dxe5 Qe7 24. axb5 axb5 25. Nf3 Nb4 26. Rc3 c5 27. Rxc5 Nd3
28. Qxb5 Nxc5 29. Qxc5 Nd7 30. Qxe7 Rxe7 31. Rd1 Rde8 32. Rd5 Kf8 33. Bh3 Nxe5
34. Nxe5 Rxe5 35. Rxe5 Rxe5 36. Kg2 Ke7 37. Bg4 Kd6 38. Bd1 Kc5 39. Bb3 Re7 40.
Kf3 Kb4 41. Bd5 Kc3 42. Ke2 Rd7 43. e4 Kd4 44. h4 Rc7 45. Kf3 f5 46. Kf4 fxe4 0-1

[Event "Zonal 3.1 2015"]
[Site "Muscat OMA"]
[Date "2015.05.22"]
[Round "7.3"]
[White "Abdulwahhab, Ahmed Abdulsattar A"]
[Black "Al Qudaimi, Basheer"]
[Result "1-0"]
[WhiteTitle "FM"]
[BlackTitle "IM"]
[WhiteElo "2346"]
[BlackElo "2405"]
[WhiteFideId "4801849"]
[BlackFideId "9400346"]
[EventDate "2015.05.17"]

1. e4 e5 2. Nf3 Nc6 3. d4 exd4 4. Bc4 Bc5 5. c3 Nf6 6. e5 d5 7. Bb5 Ne4 8. cxd4
Bb6 9. O-O O-O 10. Be3 Bg4 11. Be2 f6 12. exf6 Qxf6 13. Nc3 Qd6 14. Qb3 Nxc3 15.
bxc3 Rae8 16. Rfe1 h6 17. Qc2 Qf6 18. Rad1 Bxf3 19. Bxf3 Ne7 20. Bc1 c6 21. Ba3
Qg5 22. Re5 Qh4 23. Rde1 Rxf3 24. gxf3 Bd8 25. Bxe7 Rxe7 26. Qf5 Rxe5 27. Rxe5
Be7 28. Qe6+ Kf8 29. Qc8+ Kf7 1-0

[Event "Zonal 3.1 2015"]
[Site "Muscat OMA"]
[Date "2015.05.22"]
[Round "7.4"]
[White "Nezad, Husein Aziz"]
[Black "Ayyad, Maher"]
[Result "1-0"]
[WhiteTitle "IM"]
[BlackTitle "FM"]
[WhiteElo "2404"]
[BlackElo "2123"]
[WhiteFideId "12100293"]
[BlackFideId "11200235"]
[EventDate "2015.05.17"]

1. e4 c5 2. Nf3 e6 3. c3 Nf6 4. e5 Nd5 5. Bc4 Nb6 6. Bb3 Nc6 7. d4 Be7 8. O-O
cxd4 9. cxd4 d6 10. Qe2 O-O 11. Nc3 dxe5 12. dxe5 Nd4 13. Nxd4 Qxd4 14. Rd1 Qh4
15. Be3 Qb4 16. Qh5 Qa5 17. Ne4 f5 18. Ng5 Bxg5 19. Bxg5 Qxe5 20. Be7 g6 21. Qh4
Re8 22. Bf6 Qc7 1-0

[Event "Zonal 3.1 2015"]
[Site "Muscat OMA"]
[Date "2015.05.22"]
[Round "7.5"]
[White "Hashem, Khaled"]
[Black "Chahrour, Ibrahim"]
[Result "0-1"]
[WhiteTitle "CM"]
[BlackTitle "FM"]
[WhiteElo "1962"]
[BlackElo "2269"]
[WhiteFideId "10300201"]
[BlackFideId "5301653"]
[EventDate "2015.05.17"]

1. d4 Nf6 2. Nf3 g6 3. g3 Bg7 4. Bg2 O-O 5. c4 d6 6. Nc3 Nc6 7. O-O Bg4 8. h3
Bxf3 9. Bxf3 Nd7 10. e3 e5 11. d5 Ne7 12. e4 f5 13. b4 a5 14. bxa5 Rxa5 15. Bd2
Nc5 16. Qc2 Qd7 17. Bg2 Nc8 18. Rad1 Nb6 19. exf5 gxf5 20. Ne4 Ra4 21. Nxc5 dxc5
22. Qb3 Qd6 23. Rc1 Rfa8 24. Rc2 Ra3 25. Qb1 R3a7 26. Re1 Rf8 27. Qb5 Nd7 28.
Bc1 b6 29. a4 e4 30. Bf4 Be5 31. Bxe5 Nxe5 32. Re3 Nd3 33. Ra2 Nb4 34. Rae2 Ra5
35. g4 Rxb5 36. axb5 f4 37. Rxe4 f3 38. Bxf3 Rxf3 39. Re6 Qf8 40. Re8 Rxf2 41.
R8e3 Qd6 0-1

[Event "Zonal 3.1 2015"]
[Site "Muscat OMA"]
[Date "2015.05.22"]
[Round "7.6"]
[White "Iyti, Basher"]
[Black "Masrhi, Abdulrahman A"]
[Result "1-0"]
[WhiteTitle "IM"]
[WhiteElo "2298"]
[BlackElo "1865"]
[WhiteFideId "7601875"]
[BlackFideId "21501564"]
[EventDate "2015.05.17"]

1. d4 d5 2. Nf3 Nf6 3. c4 c6 4. Nbd2 a6 5. g3 g6 6. Bg2 Bg7 7. O-O O-O 8. c5
Nbd7 9. b4 e5 10. dxe5 Ng4 11. Bb2 Ndxe5 12. Bd4 Re8 13. Nxe5 Nxe5 14. Qc2 Ng4
15. Bxg7 Kxg7 16. e4 Be6 17. h3 Nf6 18. e5 Ne4 19. Nb3 Qc8 20. Kh2 Ng5 21. g4 h5
22. f4 hxg4 23. fxg5 gxh3 24. Bh1 Bf5 25. Qc3 Qc7 26. Rae1 Rh8 27. Nd4 Be4 28.
Bxe4 Qxe5+ 29. Kh1 1-0

[Event "Zonal 3.1 2015"]
[Site "Muscat OMA"]
[Date "2015.05.23"]
[Round "8.1"]
[White "Idani, Pouya"]
[Black "Abdulwahhab, Ahmed Abdulsattar A"]
[Result "1-0"]
[WhiteTitle "GM"]
[BlackTitle "FM"]
[WhiteElo "2526"]
[BlackElo "2346"]
[WhiteFideId "12510130"]
[BlackFideId "4801849"]
[EventDate "2015.05.17"]

1. e4 c5 2. Nf3 e6 3. d4 cxd4 4. Nxd4 a6 5. Bd3 Nf6 6. O-O d6 7. Qe2 b6 8. c4
Bb7 9. Nc3 Nbd7 10. f4 Be7 11. Kh1 Qc7 12. f5 e5 13. Nc2 Rc8 14. Bg5 Qb8 15.
Rad1 Qa8 16. Ne3 O-O 17. Ng4 Rfe8 18. Nxf6+ Nxf6 19. Bc2 Red8 20. a3 Bc6 21. Rf3
Qb7 22. Bxf6 Bxf6 23. Ba4 Bxa4 24. Nxa4 Qc6 25. b3 Be7 26. Nc3 Bf8 27. f6 g6 28.
a4 Rb8 29. Nd5 Rdc8 30. Rdf1 Qe8 31. Qf2 Qd8 32. Qh4 Rb7 33. Rh3 h6 34. Qe1 b5
35. cxb5 axb5 36. a5 b4 37. a6 Rb5 38. Qe3 Kh7 39. Rhf3 Ra8 40. Qd3 Rc5 41. Nxb4
Qa5 42. Nd5 Qxa6 43. b4 Qxd3 44. Rxd3 Rc2 45. Rb3 Raa2 46. Rg1 h5 47. b5 Rab2
48. Rxb2 Rxb2 49. b6 Bh6 50. g3 h4 51. gxh4 Bf4 52. Ra1 Kh6 53. Ra7 Kh5 54. Rxf7
Kg4 55. Ra7 Bxh2 56. f7 Kh3 57. Ra1 Rf2 58. b7 Bg3 59. Ne3 Bf4 60. f8=Q 1-0

[Event "Zonal 3.1 2015"]
[Site "Muscat OMA"]
[Date "2015.05.23"]
[Round "8.2"]
[White "Ghaem Maghami, Ehsan"]
[Black "Iyti, Basher"]
[Result "1-0"]
[WhiteTitle "GM"]
[BlackTitle "IM"]
[WhiteElo "2558"]
[BlackElo "2298"]
[WhiteFideId "12500739"]
[BlackFideId "7601875"]
[EventDate "2015.05.17"]

1. e4 g6 2. d4 Bg7 3. Nc3 d5 4. exd5 Nf6 5. Bc4 Nbd7 6. Bg5 O-O 7. Bb3 Nb6 8.
Bxf6 exf6 9. Nge2 a5 10. a4 c6 11. O-O Nxd5 12. Nxd5 cxd5 13. Nf4 Ra6 14. Qf3
Rd6 15. Nxd5 Be6 16. Ne3 Bxb3 17. cxb3 Rxd4 18. Rad1 b6 19. Nd5 f5 20. g3 Qd6
21. Nc3 Qc5 22. Rxd4 Bxd4 23. Rd1 Re8 24. Kg2 Kg7 25. Rd2 Re1 26. h4 Qe5 27. Qd3
Bxc3 28. bxc3 Rc1 29. Rc2 Rxc2 30. Qxc2 Qd5+ 31. Kg1 h5 32. b4 Qe5 33. Qd2 Kh7
34. b5 Qc7 35. Qd4 Kg8 36. c4 Kf8 37. Kf1 Ke8 38. Ke2 Kf8 39. Kd3 Kg8 40. Ke2
Qe7+ 41. Kf1 Qc7 42. Kg1 Kf8 43. Qd5 f4 44. Qa8+ Kg7 45. Qc6 Qd8 46. c5 fxg3 47.
cxb6 gxf2+ 48. Kxf2 Qxh4+ 49. Ke2 Qh2+ 50. Kd3 Qg3+ 51. Kc2 h4 52. b7 h3 53.
Qc3+ Qxc3+ 54. Kxc3 h2 55. b8=Q h1=Q 56. Qe5+ f6 57. Qc7+ Kh6 58. b6 g5 59. Kd4
Qa1+ 60. Kd5 Qxa4 61. b7 Qb3+ 62. Kd6 Qg3+ 63. Kd7 Qd3+ 64. Ke8 Qe4+ 65. Kf8
Qb4+ 66. Kg8 Qc4+ 1-0

[Event "Zonal 3.1 2015"]
[Site "Muscat OMA"]
[Date "2015.05.23"]
[Round "8.3"]
[White "Chahrour, Ibrahim"]
[Black "Nezad, Husein Aziz"]
[Result "0-1"]
[WhiteTitle "FM"]
[BlackTitle "IM"]
[WhiteElo "2269"]
[BlackElo "2404"]
[WhiteFideId "5301653"]
[BlackFideId "12100293"]
[EventDate "2015.05.17"]

1. e4 c6 2. d4 d5 3. Nc3 dxe4 4. Nxe4 Bf5 5. Ng3 Bg6 6. Nf3 e6 7. h4 h6 8. Ne5
Bh7 9. Bd3 Bxd3 10. Qxd3 Nd7 11. Bf4 Qa5+ 12. c3 Nxe5 13. Bxe5 Rd8 14. Qe2 Nf6
15. O-O Be7 16. Nh5 Nxh5 17. Qxh5 Bf6 18. Rfe1 g6 19. Qf3 Bxe5 20. Rxe5 Rd5 21.
Qf6 O-O 22. Rae1 Rxe5 23. Rxe5 Qxa2 24. h5 Qxb2 25. g4 Qb1+ 26. Kh2 Kh7 27. g5
gxh5 28. Qe7 Rg8 29. Qxf7+ Rg7 30. Qxe6 Qg6 31. Qc8 Qb1 32. Qe6 Qg6 33. Qc8 Rf7
34. Kg1 Qb1+ 35. Kg2 Qc2 36. Re2 Qxe2 0-1

[Event "Zonal 3.1 2015"]
[Site "Muscat OMA"]
[Date "2015.05.23"]
[Round "8.4"]
[White "Darini, Pouria"]
[Black "Hashem, Khaled"]
[Result "1-0"]
[WhiteTitle "GM"]
[BlackTitle "CM"]
[WhiteElo "2485"]
[BlackElo "1962"]
[WhiteFideId "12502200"]
[BlackFideId "10300201"]
[EventDate "2015.05.17"]

1. e4 e5 2. Nf3 Nc6 3. Bb5 a6 4. Ba4 Nf6 5. O-O Be7 6. d3 b5 7. Bb3 d6 8. a3 O-O
9. Nc3 Bg4 10. Be3 Na5 11. Ba2 c5 12. h3 Bh5 13. Nd5 Nc6 14. c3 Rc8 15. b4 Nd7
16. g4 Bg6 17. Nd2 Bg5 18. Bxg5 Qxg5 19. Kg2 Qd8 20. Rc1 Ne7 21. Ne3 Nb6 22. Qf3
Kh8 23. h4 f6 24. Be6 Rc7 25. h5 Bf7 26. Bxf7 Rxf7 27. Nb3 c4 28. dxc4 Nxc4 29.
Nxc4 Rxc4 30. Rfd1 Rc8 31. Qd3 Ng8 32. Qxd6 Qc7 33. Nc5 a5 34. Qxc7 Rfxc7 35.
Rd6 Rxc5 36. bxc5 Rxc5 37. Ra6 Rc4 38. Rd1 1-0

[Event "Zonal 3.1 2015"]
[Site "Muscat OMA"]
[Date "2015.05.23"]
[Round "8.5"]
[White "Al Qudaimi, Basheer"]
[Black "Masrhi, Abdulrahman A"]
[Result "1-0"]
[WhiteTitle "IM"]
[WhiteElo "2405"]
[BlackElo "1865"]
[WhiteFideId "9400346"]
[BlackFideId "21501564"]
[EventDate "2015.05.17"]

1. e4 d5 2. exd5 Qxd5 3. Nc3 Qd8 4. d4 Nf6 5. Bc4 c6 6. Be3 Bf5 7. Nf3 e6 8. O-O
Be7 9. Ne2 Nd5 10. Ng3 Bg4 11. h3 Bxf3 12. Qxf3 Nd7 13. Nh5 Bf6 14. Qg3 Qc7 15.
Nxg7+ Bxg7 16. Qxg7 O-O-O 17. Qxf7 Rdf8 18. Qxe6 Re8 19. Qh6 N7f6 20. Bxd5 Nxd5
21. c4 Nxe3 22. fxe3 Rhg8 23. Qf4 Qg7 24. Rf2 h5 25. Raf1 1-0

[Event "Zonal 3.1 2015"]
[Site "Muscat OMA"]
[Date "2015.05.23"]
[Round "8.7"]
[White "Ayyad, Maher"]
[Black "Al Mamari, Mohammed Salim"]
[Result "1-0"]
[WhiteTitle "FM"]
[WhiteElo "2123"]
[BlackElo "1791"]
[WhiteFideId "11200235"]
[BlackFideId "22000232"]
[EventDate "2015.05.17"]

1. d4 f5 2. e4 fxe4 3. Nc3 Nf6 4. Bg5 c6 5. f3 Qb6 6. Rb1 Qa5 7. Qd2 Qf5 8. Bxf6
exf6 9. fxe4 Qg6 10. Bd3 Bb4 11. Nf3 O-O 12. O-O Qh5 13. e5 d5 14. exf6 gxf6 15.
Qf4 Nd7 16. Ne2 Kh8 17. Ng3 Qf7 18. Ng5 Qg8 19. Nxh7 Rf7 20. Ng5 Qxg5 21. Qxg5
fxg5 22. Rxf7 Nf8 23. Nh5 Nd7 24. c3 Bd6 25. Re1 Kg8 26. Bg6 b5 27. Re8+ Bf8 28.
Nf6+ 1-0

[Event "Zonal 3.1 2015"]
[Site "Muscat OMA"]
[Date "2015.05.24"]
[Round "9.1"]
[White "Tamra, Attallah"]
[Black "Idani, Pouya"]
[Result "0-1"]
[BlackTitle "GM"]
[WhiteElo "2080"]
[BlackElo "2526"]
[WhiteFideId "11500255"]
[BlackFideId "12510130"]
[EventDate "2015.05.17"]

1. Nf3 c5 2. b3 d6 3. Bb2 e5 4. Nc3 Nf6 5. e4 g6 6. Bb5+ Nc6 7. a4 Bg7 8. O-O
O-O 9. Re1 h6 10. Bxc6 bxc6 11. d3 Nh5 12. Bc1 f5 13. Be3 Nf6 14. Bd2 f4 15. h3
g5 16. Nh2 h5 17. g4 fxg3 18. fxg3 Bxh3 19. Bxg5 Qe8 20. Qd2 Qg6 21. Re2 Nh7 22.
Bh4 Bh6 23. Qe1 Rf7 24. Kh1 Raf8 25. Qg1 Ng5 26. Rae1 Ne6 27. Nd1 Nd4 28. Rf2
Bg4 29. Nxg4 Qxg4 30. Rxf7 Qh3+ 31. Qh2 Qxh2+ 32. Kxh2 Rxf7 33. Rh1 Nxc2 34. Kg2
Kg7 35. Rf1 Nd4 36. Nb2 Rxf1 37. Kxf1 Kf7 38. Bd8 d5 39. a5 a6 40. Na4 Nxb3 41.
Bb6 Bd2 42. Ke2 Bb4 43. Kd1 Ke6 44. Bc7 dxe4 45. dxe4 Nd2 46. Nxc5+ Bxc5 47.
Kxd2 Bf2 0-1